000 01077nam a2200301 a 4500
001 000111785
003 CHAP
005 20251001095112.0
008 150728s2015 mx a fsm |||||||spa d
010 _a108246
011 _a109218
040 _cCHAP
090 _aTesis
100 1 0 _aVega Mena, Maricela de la
_9118286
245 1 0 _aBanca de desarrollo en el sector rural de México :
_h[En línea]
_bevaluación reciente y perspectivas /
_cpor Maricela de la Vega Mena.
260 _aChapingo, Méx. :
_bEl autor,
_c2015.
500 _aPara ver el contenido del material haga clic en la liga
502 _aTesis (Ph.D. en Problemas Económico Agroindustriales) -- UACH. CIESTAAM
590 _aE6096MTM
_b05
_c20150728
_lUCH01
_h1152
590 _aE6096MTM
_b05
_c20150728
_lUCH01
_h1156
650 1 4 _aAgricultura
_xFinanzas.
_91486
650 1 4 _aBanco Nacional de Crédito Agrícola, SA.
_99876
650 1 4 _aCrédito agrícola.
_929022
856 _aFinding aid
_uhttp://10.13.5.2/tesis/sist111785.pdf
_zTeclea aquí
901 _aBK
942 _cTESIS
942 _n0
999 _c108246
_d108246